Development of lumped element kinetic inductance detectors for mm-wave astronomy at the IRAM 30 m telescope (Record no. 23185)
[ view plain ]
| 000 -LEADER | |
|---|---|
| fixed length control field | 00468nam a2200133Ia 4500 |
| 008 - FIXED-LENGTH DATA ELEMENTS--GENERAL INFORMATION | |
| fixed length control field | 220620s9999||||xx |||||||||||||| ||und|| |
| 022 ## - INTERNATIONAL STANDARD SERIAL NUMBER | |
| International Standard Serial Number | 18691765 |
| 100 ## - MAIN ENTRY--PERSONAL NAME | |
| Personal name | Rösch, Markus |
| 245 #0 - TITLE STATEMENT | |
| Title | Development of lumped element kinetic inductance detectors for mm-wave astronomy at the IRAM 30 m telescope |
| 546 ## - LANGUAGE NOTE | |
| Language note | English[eng] |
| 650 ## - SUBJECT ADDED ENTRY--TOPICAL TERM | |
| Topical term or geographic name entry element | Superconductivity||detectors||astronomy||kinetic inductance |
| 856 ## - ELECTRONIC LOCATION AND ACCESS | |
| Uniform Resource Identifier | <a href="https://www.ksp.kit.edu/9783731501107">https://www.ksp.kit.edu/9783731501107</a> |
| 942 ## - ADDED ENTRY ELEMENTS (KOHA) | |
| Koha item type | E-Books |
| Withdrawn status | Lost status | Damaged status | Not for loan | Home library | Current library | Date acquired | Total Checkouts | Date last seen | Price effective from | Koha item type |
|---|---|---|---|---|---|---|---|---|---|---|
| Kerala University of Digital Sciences, Innovation and Technology Knowledge Centre | Kerala University of Digital Sciences, Innovation and Technology Knowledge Centre | 20/06/2022 | 20/06/2022 | 20/06/2022 | E-Books |